00286 a2200097 4500001001000000005001700010008004100027245004300068100001900111773005800130ART_1800820260410161656.0260409a 10aNuevo aplicativo de impuestos internos1 aBaldo, Alberto0 tPráctica profesionalg- Nº 119 (jun. 2010)wREV542